书目信息 |
| 题名: |
建筑业与房地产企业财务报告分析
|
|
| 作者: | 建筑业与房地产企业工商管理培训教材编审委员会 主编 | |
| 分册: | ||
| 出版信息: | 北京 中国建筑工业出版社 1998.07 |
|
| 页数: | 199页 | |
| 开本: | 16开 | |
| 丛书名: | ||
| 单 册: | ||
| 中图分类: | F407.697.2 | |
| 科图分类: | ||
| 主题词: | 工业经济--经济理论 | |
| 电子资源: | ||
| ISBN: | 7-112-03603-8 | |
| 000 | 00745nam0 2200181 45 | |
| 001 | 0009160933 | |
| 005 | 20001222151519.1 | |
| 010 | @a7-112-03603-8@d18.00元 | |
| 100 | @a20000916d1998 km y0chiy0120 ea | |
| 101 | 0 | @achi |
| 200 | 1 | @a建筑业与房地产企业财务报告分析@AJian Zhu Ye Yu Fang Di Chan Qi Ye Cai Wu Bao Gao Fen Xi@f建筑业与房地产企业工商管理培训教材编审委员会 主编@FJian Zhu Ye Yu Fang Di Chan Qi Ye Gong Shang Guan Li Pei Xun Jiao Cai Bian Shen Wei Yuan Hui Zhu Bian |
| 210 | @a北京@c中国建筑工业出版社@d1998.07 | |
| 215 | @a199页@d16开 | |
| 606 | 0 | @a工业经济@x经济理论 |
| 690 | @aF407.697.2@v3 | |
| 701 | 0 | @a建筑业与房地产企业工商管理培训教材编审委员会@4主编 |
| 801 | @aCN@bPftUser@c20000916 | |
| 905 | @dF407.697.2@eJ:931@b311245-249@f5 | |
| 建筑业与房地产企业财务报告分析/建筑业与房地产企业工商管理培训教材编审委员会 主编.-北京:中国建筑工业出版社,1998.07 |
| 199页;16开 |
| ISBN 7-112-03603-8:18.00元 |
| ● |
| 相关链接 |
|
|
|
正题名:建筑业与房地产企业财务报告分析
索取号:F407.697.2/J:931
 
预约/预借
| 序号 | 登录号 | 条形码 | 馆藏地/架位号 | 状态 | 备注 |
| 1 | 145019 | 201450198 | 社科二线400B/400B社科库 32排3列2层/ [索取号:F407.697.2/J:931] | 在馆 | |
| 2 | 145020 | 201450205 | 社科二线422/422社科库 47排3列5层/ [索取号:F407.697.2/J:931] | 在馆 | |
| 3 | 145021 | 201450214 | 社科二线400B/400B社科库 32排3列2层/ [索取号:F407.697.2/J:931] | 在馆 | |
| 4 | 145022 | 201450223 | 社科二线400B/409社科库 34排4列2层/ [索取号:F407.697.2/J:931] | 在馆 | |
| 5 | 145023 | 201450232 | 社科二线400B/409社科库 53排2列4层/ [索取号:F407.697.2/J:931] | 在馆 | |
| 6 | 174639 | 201746398 | 社科二线422/422社科库 47排3列5层/ [索取号:F407.697.2/J:931] | 在馆 | |
| 7 | 174640 | 201746405 | 社科二线422/422社科库 47排3列5层/ [索取号:F407.697.2/J:931] | 在馆 | |
| 8 | 176885 | 201768854 | 社科库409/409社科库 53排2列4层/ [索取号:F407.697.2/J:931] | 在馆 | |
| 9 | 176886 | 201768863 | 社科库409/409社科库 53排2列4层/ [索取号:F407.697.2/J:931] | 在馆 | |
| 10 | 305962 | 203059625 | 社科二线422/422社科库 47排3列5层/ [索取号:F407.697.2/J:931] | 在馆 | |
| 11 | 305963 | 203059634 | 社科二线400B/400B社科库 31排2列1层/ [索取号:F407.697.2/J:931] | 在馆 | |
| 12 | 305964 | 203059643 | 社科二线400B/409社科库 34排4列2层/ [索取号:F407.697.2/J:931] | 在馆 | |
| 13 | 305965 | 203059652 | 社科二线422/422社科库 47排3列5层/ [索取号:F407.697.2/J:931] | 在馆 | |
| 14 | 305966 | 203059661 | 社科二线422/422社科库 47排3列5层/ [索取号:F407.697.2/J:931] | 在馆 | |
| 15 | 305967 | 203059670 | 社科二线422/422社科库 47排3列5层/ [索取号:F407.697.2/J:931] | 在馆 | |
| 16 | 305968 | 203059689 | 社科二线400B/409社科库 34排4列2层/ [索取号:F407.697.2/J:931] | 在馆 | |
| 17 | 305969 | 203059698 | 社科二线400B/400B社科库 32排3列2层/ [索取号:F407.697.2/J:931] | 在馆 | |
| 18 | 305970 | 203059705 | 社科二线422/422社科库 47排3列5层/ [索取号:F407.697.2/J:931] | 在馆 | |
| 19 | 305971 | 203059714 | 社科二线422/422社科库 47排3列5层/ [索取号:F407.697.2/J:931] | 在馆 | |
| 20 | 311245 | 203112452 | 社科二线422/409社科库 34排4列2层/ [索取号:F407.697.2/J:931] | 在馆 | |
| 21 | 311246 | 203112461 | 社科二线422/422社科库 47排3列5层/ [索取号:F407.697.2/J:931] | 在馆 | |
| 22 | 311247 | 203112470 | 社科库409/409社科库 34排4列2层/ [索取号:F407.697.2/J:931] | 在馆 | |
| 23 | 311248 | 203112489 | 社科二线422/422社科库 47排3列5层/ [索取号:F407.697.2/J:931] | 在馆 | |
| 24 | 311249 | 203112498 | 社科二线422/409社科库 34排4列2层/ [索取号:F407.697.2/J:931] | 在馆 |